| 000 | 01348nam a2200289 4500 | ||
|---|---|---|---|
| 001 | 108947 | ||
| 003 | ES-MaACL | ||
| 005 | 20250910212613.0 | ||
| 007 | t| | ||
| 008 | 061121s1974 sp r ||||1| spa d | ||
| 020 | _a84-229-4017-5 | ||
| 110 | 2 |
_aUniversité de Pau et des pays de l'Adour. _bSeminaire d'études des XIXéme et XXéme siécles. _bColloque ( _n4º. _d1973. _cPau) _9171769 |
|
| 245 | 1 | 0 |
_aMovimiento obrero, política y literatura en la España contemporánea / _cUniversidad de Pau, IV Coloquio del Seminario de Estudios de los Siglos XIX y XX ; edición a cargo de Manuel Tuñón de Lara y Jean-François Botrel. |
| 260 |
_aMadrid : _bCuadernos para el Diálogo, _c1974. |
||
| 300 |
_a252 p. ; _c21 cm. |
||
| 490 | 1 | _aColección I.T.S. [Instituto de Técnicas Sociales] | |
| 650 | 0 | 4 |
_aMovimiento obrero- _zEspaña- _yS.XIX. _915215 |
| 650 | 4 |
_aMovimiento obrero- _zEspaña- _yS.XX- _vCongresos y asambleas. _9162328 |
|
| 651 | 4 |
_aEspaña- _xCivilización- _yS.XIX. _9162600 |
|
| 651 | 0 |
_aEspaña- _xCivilización- _yS.XX. _98171 |
|
| 700 | 0 |
_aTuñón de Lara, Manuel, _d1915-1997 _9111681 |
|
| 700 | 1 |
_aBotrel, Jean-François. _930790 |
|
| 710 | 2 |
_aCuadernos para el Diálogo. _93333 |
|
| 830 | 1 |
_aColección I.T.S. [Instituto de Técnicas Sociales] _9179830 |
|
| 852 |
_aES-MaACL _jE-8363 |
||
| 999 |
_c108947 _d108947 |
||